Lebensmittel mit "J" - Statistiken

Allgemein
  • Dieses Quiz wurde 173 mal gespielt
  • Das Durchschnittsergebnis liegt bei 5 aus 14
Antwortstatistiken
Lebensmittel % Korrekt
Joghurt
88%
Johannisbeere
63%
Jagdwurst
48%
Jägerschnitzel
43%
Jägermeister
32%
Jasmintee
30%
Jalapeño
28%
Jägersauce
24%
Jack Daniels
23%
Jakobsmuschel
23%
Jodsalz
22%
Jasminreis
17%
Johannisbrot
15%
Jungfernbraten
8%
Keine übereinstimmenden Quizze gefunden
Verteilung der Resultate
Anzahl Personen mit jedem Resultat
Perzentil nach korrekt beantworteten Fragen
Ihre Resultats-Entwicklung
Sie haben dieses Quiz noch nicht gespielt